Property: resulting and constructive trusts (Record no. 75853)
[ view plain ]
| 000 -LEADER | |
|---|---|
| fixed length control field | 01039cab a2200193 4500 |
| 001 - CONTROL NUMBER | |
| control field | L130869 |
| 008 - FIXED-LENGTH DATA ELEMENTS--GENERAL INFORMATION | |
| fixed length control field | 050908n2005 000 0 eng u |
| 035 ## - SYSTEM CONTROL NUMBER | |
| System control number | (Sirsi) u130869 |
| 041 ## - LANGUAGE CODE | |
| Language code of text/sound track or separate title | eng |
| 100 ## - MAIN ENTRY--PERSONAL NAME | |
| Personal name | Whitters, Bernadette |
| 245 ## - TITLE STATEMENT | |
| Title | Property: resulting and constructive trusts |
| 260 ## - PUBLICATION, DISTRIBUTION, ETC. | |
| Date of publication, distribution, etc. | 2005 |
| 490 ## - SERIES STATEMENT | |
| Series statement | EMIS Property Service |
| Volume/sequential designation | 3(8) August 2005, 3-5(3) |
| 520 ## - SUMMARY, ETC. | |
| Summary, etc. | Discusses the topics of resulting and constructive trusts. Resulting trusts arise when either a property owner transfers his property to another, without disposing of the whole interest; where the property is conveyed to a volunteer; or where a property is bought in the name of one party with funds, either wholly or in part from another. Constructive trusts are imposed by courts where the parties have entered into an agreement. Where either a non-owner has an interest or should benefit from an interest in the property. |
| 590 ## - LOCAL NOTE (RLIN) | |
| Local note | IKA130905 |
| 690 ## - LOCAL SUBJECT ADDED ENTRY--TOPICAL TERM (OCLC, RLIN) | |
| Topical term or geographic name as entry element | PROPERTY-PROPERTY ACQUISITION AND DISPOSAL |
| 700 ## - ADDED ENTRY--PERSONAL NAME | |
| Personal name | Hanbury, William |
| 942 ## - ADDED ENTRY ELEMENTS (KOHA) | |
| Suppress in OPAC | 0 |
| Withdrawn status | Lost status | Source of classification or shelving scheme | Damaged status | Not for loan | Home library | Current library | Shelving location | Date acquired | Total Checkouts | Full call number | Barcode | Date last seen | Copy number | Price effective from | Koha item type |
|---|---|---|---|---|---|---|---|---|---|---|---|---|---|---|---|
| Dewey Decimal Classification | London | London | Journal article | 08/09/2005 | L130869 | 130869-1001 | 06/08/2019 | 1 | 06/08/2019 | Journal article |